| 000 | 01265 a2200277 4500 | ||
|---|---|---|---|
| 001 | 54734 | ||
| 005 | 20260407155822.0 | ||
| 008 | 260407a1972 arg spa d | ||
| 003 | AR-UNSa-BCEJYS | ||
| 040 |
_aAR-UNSa-BCEJYS _bspa _cAR-UNSa-BCEJYS |
||
| 080 |
_a330.341.44 _xConcentración. Centralización (Industrialización) |
||
| 245 | 1 | 0 | _aLa sociedad industrial contemporánea |
| 250 | _a6a. ed. | ||
| 264 | 1 |
_aMéxico : _bSiglo Veintiuno editores _c1972 |
|
| 300 |
_a217 p. _c18 cm. |
||
| 505 | _a1. Conciencia y sociedad industrial,por Erich Fromm - 2. Dilemas y decisiones en el desarrollo social,por Irving Louis Horowitz - 3. Libertad y agresión en la sociedad tecnológica,por Herbert Marcuse - 4. Sindicalismo y política,por André Gorz - 5. El socialismo difícil,por André Gorz - 6. El colonialismo por dentro y por fuera,por André Gorz - 7. América Latina frente a la sociedad industrial.Reflexiones sobre el subdesarrollo,por Victor Flores Olea | ||
| 942 | _cBK | ||
| 590 | _aniveau_biblio:m niveau_hierar:0 | ||
| 100 | 1 | _aFromm, Erich | |
| 700 | 1 | _aHorowitz, Irving Louis | |
| 700 | 1 | _aPrieto, Margarita Suzan | |
| 700 | 1 | _aMarcuse, Herbert | |
| 700 | 1 | _aCampos, Julieta | |
| 700 | 1 | _aGorz, André | |
| 700 | 1 | _aFlores Olea, Víctor | |
| 999 |
_c5756 _d5756 |
||